Abelian group theory proceedings of the Oberwolfach conference, January 12.-17. 1981

Guardado en:
Detalles Bibliográficos
Formato: Libro
Lenguaje:inglés
Publicado: Berlin Springer 1981
Colección:Lecture notes in mathematics 874
Etiquetas: Agregar Etiqueta
Sin Etiquetas, Sea el primero en etiquetar este registro!

MARC

LEADER 00000nam a2200000 4500
001 c138572
005 20260327110247.9
041 0 |a eng 
044 |a DE 
245 1 0 |a Abelian group theory  |b proceedings of the Oberwolfach conference, January 12.-17. 1981  |c Edited by R. Göbel, E. Walker 
264 1 |a Berlin  |b Springer  |c 1981 
300 |a 447 s. 
490 1 |a Lecture notes in mathematics  |v 874 
830 0 |a Lecture notes in mathematics  |v 874